[Event "SUFE Cup 2nd"]
[Site "Shanghai"]
[Date "2001.06.04"]
[Round "12"]
[White "Xie, Jun"]
[Black "Chiburdanidze, Maia"]
[Result "1/2-1/2"]
[WhiteElo "2557"]
[BlackElo "2513"]
[PlyCount "64"]
[EventDate "2001.05.31"]
[EventType "schev (rapid)"]
[EventRounds "12"]
[EventCountry "CHN"]
[SourceTitle "CBM 082 Extra"]
[Source "ChessBase"]
[SourceDate "2001.07.03"]
[SourceVersion "1"]
[SourceVersionDate "2001.07.03"]
[SourceQuality "1"]

1. e4 c6 2. d4 d5 3. Nc3 dxe4 4. Nxe4 Bf5 5. Ng3 Bg6 6. h4 h6 7. Nf3 Nf6 8. Ne5 Bh7 9. Bd3 Bxd3 10. Qxd3 e6 11. Bd2 Nbd7 12. f4 c5 13. 0-0-0 Be7 14. Bc3 0-0 15. Nxd7 Qxd7 16. f5 Qd5 17. b3 cxd4 18. Bxd4 Ba3+ 19. Kb1 e5 20. Ba1 Qxd3 21. Rxd3 Rfe8 22. Re1 e4 23. Rdd1 e3 24. Bxf6 gxf6 25. Nh5 e2 26. Nxf6+ Kh8 27. Rd2 Rad8 28. Rexe2 Rxd2 29. Rxe8+ Kg7 30. Nh5+ Kh7 31. Nf6+ Kg7 32. Nh5+ Kh7 1/2-1/2

[Event "SUFE Cup 2nd"]
[Site "Shanghai"]
[Date "2001.06.03"]
[Round "10"]
[White "Ioseliani, Nana"]
[Black "Xie, Jun"]
[Result "1/2-1/2"]
[WhiteElo "2499"]
[BlackElo "2557"]
[PlyCount "111"]
[EventDate "2001.05.31"]
[EventType "schev (rapid)"]
[EventRounds "12"]
[EventCountry "CHN"]
[SourceTitle "CBM 082 Extra"]
[Source "ChessBase"]
[SourceDate "2001.07.03"]
[SourceVersion "1"]
[SourceVersionDate "2001.07.03"]
[SourceQuality "1"]

1. c4 Nf6 2. Nc3 g6 3. d4 Bg7 4. e4 d6 5. Be2 e5 6. Nf3 0-0 7. Be3 Ng4 8. Bg5 f6 9. Bh4 g5 10. Bg3 Nh6 11. dxe5 dxe5 12. h3 Nc6 13. 0-0 Nf7 14. Qc2 Nd4 15. Nxd4 exd4 16. Rad1 c6 17. c5 Ne5 18. Bxe5 fxe5 19. Bg4 Bxg4 20. hxg4 Qc8 21. Ne2 Qxg4 22. Ng3 Qe6 23. b4 a5 24. bxa5 Rxa5 25. Qd2 Rxa2 26. Qxg5 Qg6 27. Qe7 Qf7 28. Nf5 Qxe7 29. Nxe7+ Kh8 30. Nf5 Rfa8 31. Rb1 R8a7 32. Nd6 Bf8 33. Nxb7 Be7 34. Rfc1 d3 35. Rd1 d2 36. Kf1 Rc2 37. Ke2 Bg5 38. g3 h6 39. Rf1 Rc1 40. Nd6 Kh7 41. Nf5 Kg6 42. Ne3 Ra2 43. Rd1 Rxb1 44. Rxb1 d1Q+ 45. Kxd1 Bxe3 46. fxe3 Ra5 47. Ke2 Rxc5 48. Rb8 Rc1 49. Re8 Kf6 50. Rh8 Kg5 51. Rg8+ Kf6 52. Rh8 Rh1 53. Rc8 Rh2+ 54. Kf3 Rc2 55. Rh8 Kg7 56. Re8 1/2-1/2